Programa de armonización y sistematización de la normativa ambiental chilena: 1a etapa

Guardado en:
Detalles Bibliográficos
Autor principal: Plumer Bodin, Marie Claude (Autor)
Formato: Libro
Lenguaje:español
Publicado: Santiago CONAMA 2001
Materias:
Etiquetas: Agregar Etiqueta
Sin Etiquetas, Sea el primero en etiquetar este registro!

MARC

LEADER 00000nam a2200000 a 4500
001 UCM0558
003 CL-VaPUC
008 020301e20010000CL |||||||||||||||||spa|d
020 |a 9567204241 
082 0 4 |a 341.762  |b PLU  |2 21 
100 0 |a Plumer Bodin, Marie Claude  |e author  |9 467427 
245 1 0 |a Programa de armonización y sistematización de la normativa ambiental chilena: 1a etapa 
300 |a 287 p 
942 |c BK 
945 |d 20020301 00:00:00  |a cmena 
260 |a Santiago  |b CONAMA  |c 2001 
650 0 |a Derecho ambiental   |9 257835 
650 0 |a Gestión ambiental   |9 338121 
650 0 |a Contaminación ambiental  |9 314181 
650 0 |a Protección del medio ambiente  |9 257626 
651 7 |a CHILE  |2 CL-VaPUC  |9 467428 
583 |a last modification  |c 20140410 06:44:47  |k Rodrigo Vera 
999 |c 299449  |d 299447 
952 |0 0  |1 0  |4 0  |6 341_762000000000000_PLU_2001  |7 0  |8 A  |9 355999  |a BIBDER  |b BIBDER  |d 2019-11-21  |i 3743136  |o 341.762 PLU 2001  |p 3743136  |r 2023-01-25  |w 2019-11-21  |y BK  |k DER 
952 |0 0  |1 0  |4 0  |6 341_762000000000000_PLU_2001  |7 0  |8 A  |9 356000  |a BIBDER  |b BIBDER  |d 2019-11-21  |i 4122984  |o 341.762 PLU 2001  |p 4122984  |r 2023-01-25  |w 2019-11-21  |y BK  |k DER